<?xml version="1.0" encoding="UTF-8"?>
<record
    xmlns:xsi="http://www.w3.org/2001/XMLSchema-instance"
    xsi:schemaLocation="http://www.loc.gov/MARC21/slim http://www.loc.gov/standards/marcxml/schema/MARC21slim.xsd"
    xmlns="http://www.loc.gov/MARC21/slim">

  <leader>     nam a22     7a 4500</leader>
  <datafield tag="999" ind1=" " ind2=" ">
    <subfield code="c">55177</subfield>
    <subfield code="d">55177</subfield>
  </datafield>
  <controlfield tag="003">OSt</controlfield>
  <controlfield tag="005">20220809135707.0</controlfield>
  <controlfield tag="008">220809b        xxu||||| |||| 00| 0 eng d</controlfield>
  <datafield tag="040" ind1=" " ind2=" ">
    <subfield code="c">IIMT UNIVERSITY</subfield>
  </datafield>
  <datafield tag="100" ind1=" " ind2=" ">
    <subfield code="a">RAFI</subfield>
  </datafield>
  <datafield tag="245" ind1=" " ind2=" ">
    <subfield code="a">MANUAL OF PRACTICAL OF BIOCHEMISTRY</subfield>
  </datafield>
  <datafield tag="250" ind1=" " ind2=" ">
    <subfield code="a">3RD</subfield>
  </datafield>
  <datafield tag="260" ind1=" " ind2=" ">
    <subfield code="a">HADRABAD</subfield>
    <subfield code="b">UNIVERSITY PRESS</subfield>
    <subfield code="c">2020</subfield>
  </datafield>
  <datafield tag="300" ind1=" " ind2=" ">
    <subfield code="a">287</subfield>
  </datafield>
  <datafield tag="942" ind1=" " ind2=" ">
    <subfield code="2">ddc</subfield>
    <subfield code="c">01</subfield>
  </datafield>
  <datafield tag="952" ind1=" " ind2=" ">
    <subfield code="0">0</subfield>
    <subfield code="1">0</subfield>
    <subfield code="2">ddc</subfield>
    <subfield code="4">0</subfield>
    <subfield code="7">0</subfield>
    <subfield code="a">02</subfield>
    <subfield code="b">02</subfield>
    <subfield code="d">2022-08-09</subfield>
    <subfield code="e">ARISTA</subfield>
    <subfield code="g">395.00</subfield>
    <subfield code="i">HO/IN/61(04/08/22)</subfield>
    <subfield code="o">612.075(RAF)</subfield>
    <subfield code="p">02-B-13121</subfield>
    <subfield code="r">2022-11-26</subfield>
    <subfield code="w">2022-08-09</subfield>
    <subfield code="y">06</subfield>
  </datafield>
  <datafield tag="952" ind1=" " ind2=" ">
    <subfield code="0">0</subfield>
    <subfield code="1">0</subfield>
    <subfield code="2">ddc</subfield>
    <subfield code="4">0</subfield>
    <subfield code="7">0</subfield>
    <subfield code="a">02</subfield>
    <subfield code="b">02</subfield>
    <subfield code="d">2022-08-09</subfield>
    <subfield code="e">ARISTA</subfield>
    <subfield code="g">395.00</subfield>
    <subfield code="i">HO/IN/61(04/08/22)</subfield>
    <subfield code="l">0</subfield>
    <subfield code="o">612.075(RAF)</subfield>
    <subfield code="p">02-B-13122</subfield>
    <subfield code="r">2022-08-09</subfield>
    <subfield code="w">2022-08-09</subfield>
    <subfield code="y">01</subfield>
  </datafield>
  <datafield tag="952" ind1=" " ind2=" ">
    <subfield code="0">0</subfield>
    <subfield code="1">0</subfield>
    <subfield code="2">ddc</subfield>
    <subfield code="4">0</subfield>
    <subfield code="7">0</subfield>
    <subfield code="a">02</subfield>
    <subfield code="b">02</subfield>
    <subfield code="d">2022-08-09</subfield>
    <subfield code="e">ARISTA</subfield>
    <subfield code="g">395.00</subfield>
    <subfield code="i">HO/IN/61(04/08/22)</subfield>
    <subfield code="l">0</subfield>
    <subfield code="o">612.075(RAF)</subfield>
    <subfield code="p">02-B-13123</subfield>
    <subfield code="r">2022-08-09</subfield>
    <subfield code="w">2022-08-09</subfield>
    <subfield code="y">01</subfield>
  </datafield>
  <datafield tag="952" ind1=" " ind2=" ">
    <subfield code="0">0</subfield>
    <subfield code="1">0</subfield>
    <subfield code="2">ddc</subfield>
    <subfield code="4">0</subfield>
    <subfield code="7">0</subfield>
    <subfield code="a">02</subfield>
    <subfield code="b">02</subfield>
    <subfield code="d">2022-08-09</subfield>
    <subfield code="e">ARISTA</subfield>
    <subfield code="g">395.00</subfield>
    <subfield code="i">HO/IN/61(04/08/22)</subfield>
    <subfield code="l">0</subfield>
    <subfield code="o">612.075(RAF)</subfield>
    <subfield code="p">02-B-13124</subfield>
    <subfield code="r">2022-08-09</subfield>
    <subfield code="w">2022-08-09</subfield>
    <subfield code="y">01</subfield>
  </datafield>
  <datafield tag="952" ind1=" " ind2=" ">
    <subfield code="0">0</subfield>
    <subfield code="1">0</subfield>
    <subfield code="2">ddc</subfield>
    <subfield code="4">0</subfield>
    <subfield code="7">0</subfield>
    <subfield code="a">02</subfield>
    <subfield code="b">02</subfield>
    <subfield code="d">2022-08-09</subfield>
    <subfield code="e">ARISTA</subfield>
    <subfield code="g">395.00</subfield>
    <subfield code="i">HO/IN/61(04/08/22)</subfield>
    <subfield code="l">0</subfield>
    <subfield code="o">612.075(RAF)</subfield>
    <subfield code="p">02-B-13125</subfield>
    <subfield code="r">2022-08-09</subfield>
    <subfield code="w">2022-08-09</subfield>
    <subfield code="y">01</subfield>
  </datafield>
  <datafield tag="952" ind1=" " ind2=" ">
    <subfield code="0">0</subfield>
    <subfield code="1">0</subfield>
    <subfield code="2">ddc</subfield>
    <subfield code="4">0</subfield>
    <subfield code="7">0</subfield>
    <subfield code="a">02</subfield>
    <subfield code="b">02</subfield>
    <subfield code="d">2022-08-09</subfield>
    <subfield code="e">ARISTA</subfield>
    <subfield code="g">395.00</subfield>
    <subfield code="i">HO/IN/61(04/08/22)</subfield>
    <subfield code="l">0</subfield>
    <subfield code="o">612.075(RAF)</subfield>
    <subfield code="p">02-B-13126</subfield>
    <subfield code="r">2022-08-09</subfield>
    <subfield code="w">2022-08-09</subfield>
    <subfield code="y">01</subfield>
  </datafield>
  <datafield tag="952" ind1=" " ind2=" ">
    <subfield code="0">0</subfield>
    <subfield code="1">0</subfield>
    <subfield code="2">ddc</subfield>
    <subfield code="4">0</subfield>
    <subfield code="7">0</subfield>
    <subfield code="a">02</subfield>
    <subfield code="b">02</subfield>
    <subfield code="d">2022-08-09</subfield>
    <subfield code="e">ARISTA</subfield>
    <subfield code="g">395.00</subfield>
    <subfield code="i">HO/IN/61(04/08/22)</subfield>
    <subfield code="l">0</subfield>
    <subfield code="o">612.075(RAF)</subfield>
    <subfield code="p">02-B-13127</subfield>
    <subfield code="r">2022-08-09</subfield>
    <subfield code="w">2022-08-09</subfield>
    <subfield code="y">01</subfield>
  </datafield>
  <datafield tag="952" ind1=" " ind2=" ">
    <subfield code="0">0</subfield>
    <subfield code="1">0</subfield>
    <subfield code="2">ddc</subfield>
    <subfield code="4">0</subfield>
    <subfield code="7">0</subfield>
    <subfield code="a">02</subfield>
    <subfield code="b">02</subfield>
    <subfield code="d">2022-08-09</subfield>
    <subfield code="e">ARISTA</subfield>
    <subfield code="g">395.00</subfield>
    <subfield code="i">HO/IN/61(04/08/22)</subfield>
    <subfield code="l">0</subfield>
    <subfield code="o">612.075(RAF)</subfield>
    <subfield code="p">02-B-13128</subfield>
    <subfield code="r">2022-08-09</subfield>
    <subfield code="w">2022-08-09</subfield>
    <subfield code="y">01</subfield>
  </datafield>
  <datafield tag="952" ind1=" " ind2=" ">
    <subfield code="0">0</subfield>
    <subfield code="1">0</subfield>
    <subfield code="2">ddc</subfield>
    <subfield code="4">0</subfield>
    <subfield code="7">0</subfield>
    <subfield code="a">02</subfield>
    <subfield code="b">02</subfield>
    <subfield code="d">2022-08-09</subfield>
    <subfield code="e">ARISTA</subfield>
    <subfield code="g">395.00</subfield>
    <subfield code="i">HO/IN/61(04/08/22)</subfield>
    <subfield code="l">0</subfield>
    <subfield code="o">612.075(RAF)</subfield>
    <subfield code="p">02-B-13129</subfield>
    <subfield code="r">2022-08-09</subfield>
    <subfield code="w">2022-08-09</subfield>
    <subfield code="y">01</subfield>
  </datafield>
  <datafield tag="952" ind1=" " ind2=" ">
    <subfield code="0">0</subfield>
    <subfield code="1">0</subfield>
    <subfield code="2">ddc</subfield>
    <subfield code="4">0</subfield>
    <subfield code="7">0</subfield>
    <subfield code="a">02</subfield>
    <subfield code="b">02</subfield>
    <subfield code="d">2022-08-09</subfield>
    <subfield code="e">ARISTA</subfield>
    <subfield code="g">395.00</subfield>
    <subfield code="i">HO/IN/61(04/08/22)</subfield>
    <subfield code="l">1</subfield>
    <subfield code="o">612.075(RAF)</subfield>
    <subfield code="p">02-B-13130</subfield>
    <subfield code="r">2024-08-07</subfield>
    <subfield code="s">2024-02-15</subfield>
    <subfield code="w">2022-08-09</subfield>
    <subfield code="y">01</subfield>
  </datafield>
</record>
